Every Whitney Houston song that hit the Billboard hot 100 - Statistics

General Stats
  • This quiz has been taken 182 times
  • The average score is 19 of 39
Answer Stats
Peak Chart Position Year Song % Correct
1 1992 I Will Always Love You
97%
1 1987 I Wanna Dance With Somebody (Who Loves Me)
91%
4 1993 I Have Nothing
78%
1 1986 Greatest Love Of All
75%
1 1986 How Will I Know
75%
1 1985 Saving All My Love For You
72%
4 1993 I'm Every Woman (From "The Bodyguard")
65%
1 1990 I'm Your Baby Tonight
62%
1 1988 So Emotional
62%
15 1999 When You Believe
62%
1 1995 Exhale (Shoop Shoop) (From "Waiting To Exhale")
61%
31 1993 Run To You
61%
4 1999 It's Not Right But It's Okay
60%
4 2000 My Love Is Your Love
59%
1 1988 Where Do Broken Hearts Go
56%
2 1999 Heartbreak Hotel
55%
5 1988 One Moment In Time
54%
1 1991 All The Man That I Need
52%
1 1987 Didn't We Almost Have It All
51%
70 2009 I Look To You
51%
100 2009 Million Dollar Bill
49%
20 1991 My Name Is Not Susan
44%
15 1997 Step By Step (From "The Preacher's Wife")
43%
3 1985 You Give Good Love
42%
4 1997 I Believe In You And Me (From "The Preacher's Wife")
37%
9 1991 Miracle
36%
52 2000 Could I Have This Kiss Forever
33%
8 1996 Count On Me (From "Waiting To Exhale")
33%
9 1988 Love Will Save The Day
33%
6 2001 The Star Spangled Banner
32%
27 2000 I Learned From The Best
28%
96 2002 Whatchulookinat
25%
46 1984 Hold Me
22%
70 2000 Same Script, Different Cast
22%
84 2003 Try It On My Own
21%
72 2003 One Of Those Days
18%
26 1996 Why Does It Hurt So Bad (From "Waiting To Exhale")
17%
41 1989 It Isn't, It Wasn't, It Ain't Never Gonna Be
13%
77 1997 My Heart Is Calling (From "The Preacher's Wife")
11%
No matching quizzes found
Score Distribution
Percent of People with Each Score
Percentile by Number Answered
Your Score History
You have not taken this quiz